[Event "POL-chT U19 1st League"]
[Site "Maslow Pierwszy"]
[Date "2014.07.26"]
[Round "2"]
[White "Zadlo, Maciej"]
[Black "Wacior, Maciej"]
[Result "1-0"]
[WhiteElo "1821"]
[BlackElo "1900"]
[PlyCount "81"]
[EventDate "2014.07.25"]
[EventType "team-tourn"]
[EventRounds "9"]
[EventCountry "POL"]
[SourceTitle "EXT 2015"]
[Source "ChessBase"]
[SourceDate "2014.11.20"]
[SourceVersion "1"]
[SourceVersionDate "2014.11.20"]
[SourceQuality "1"]
[WhiteTeam "Tomaszow Lubelski UKS GIM Dwojka U19"]
[BlackTeam "Grzybowo GKSz Solny U19"]
[WhiteTeamCountry "POL"]
[BlackTeamCountry "POL"]

1. e4 c6 2. c4 d5 3. exd5 cxd5 4. cxd5 Nf6 5. Qa4+ Nbd7 6. Nc3 g6 7. Bc4 Bg7 8. d3 0-0 9. Nf3 Nb6 10. Qb3 Bf5 11. Be3 Nxc4 12. dxc4 Qc8 13. Nb5 a6 14. Nbd4 Be4 15. 0-0 Qc7 16. Nd2 Ng4 17. f4 Bf5 18. Nxf5 gxf5 19. Bb6 Qd6 20. h3 Nf6 21. Qe3 Qb4 22. Rab1 Kh8 23. Bc5 Qa4 24. b3 Qa5 25. b4 Qa4 26. a3 Rfe8 27. Qd3 Qd7 28. Nf3 Ne4 29. Bd4 f6 30. Nd2 Nxd2 31. Qxd2 Bh6 32. Rbe1 Rad8 33. Re6 Rg8 34. Qe3 Bf8 35. Bb2 Rc8 36. Qd3 b5 37. c5 Rd8 38. Rd1 Bh6 39. Qxf5 Rg7 40. Qe4 Bxf4 41. Qxf4 1-0

[Event "Olsztyn op U18 blitz"]
[Site "Olsztyn"]
[Date "2013.08.03"]
[Round "4"]
[White "Snihur, Piotr"]
[Black "Zadlo, Maciej"]
[Result "1-0"]
[WhiteElo "2122"]
[BlackElo "1868"]
[PlyCount "95"]
[EventDate "2013.08.03"]
[EventType "swiss (blitz)"]
[EventRounds "22"]
[EventCountry "POL"]
[SourceTitle "CBM 155 Extra"]
[Source "ChessBase"]
[SourceDate "2013.08.26"]
[SourceVersion "1"]
[SourceVersionDate "2013.08.26"]
[SourceQuality "1"]

1. e4 c6 2. d4 d5 3. Nc3 dxe4 4. Nxe4 Nd7 5. Nf3 Ngf6 6. Nxf6+ Nxf6 7. Bc4 e6 8. 0-0 Bd6 9. Bg5 0-0 10. Qe2 h6 11. Bh4 b5 12. Bd3 a6 13. Bxf6 Qxf6 14. Qe4 g6 15. Qxc6 Bb7 16. Qxb7 Rfd8 17. Qe4 Rac8 18. c3 Re8 19. a4 e5 20. dxe5 Bxe5 21. Nxe5 Rxe5 22. Qf3 Qd6 23. axb5 Rh5 24. g3 axb5 25. Rfd1 Qe6 26. Ra8 Rxa8 27. Qxa8+ Kg7 28. Qe4 Qh3 29. Qg2 Qg4 30. Re1 b4 31. cxb4 Qxb4 32. Re2 Qb3 33. Qe4 Qd1+ 34. Re1 Qb3 35. Qd4+ Kh7 36. Qc4 Qb7 37. b4 Kg7 38. b5 Qd7 39. Bf1 Qd2 40. Qe2 Qd7 41. b6 Rc5 42. Rb1 Rc8 43. b7 Rb8 44. Qe5+ Kh7 45. Qxb8 Qf5 46. Rc1 h5 47. Qc7 h4 48. Qc5 1-0

[Event "Olsztyn op U18 rapid"]
[Site "Olsztyn"]
[Date "2013.08.02"]
[Round "6"]
[White "Kaczmarek, Aleksander"]
[Black "Zadlo, Maciej"]
[Result "1/2-1/2"]
[WhiteElo "2147"]
[BlackElo "1868"]
[PlyCount "63"]
[EventDate "2013.08.01"]
[EventType "swiss (rapid)"]
[EventRounds "11"]
[EventCountry "POL"]
[SourceTitle "CBM 155 Extra"]
[Source "ChessBase"]
[SourceDate "2013.08.26"]
[SourceVersion "1"]
[SourceVersionDate "2013.08.26"]
[SourceQuality "1"]

1. e4 c6 2. Nf3 d5 3. Nc3 Bg4 4. h3 Bh5 5. exd5 cxd5 6. g4 Bg6 7. Bb5+ Nc6 8. Ne5 Rc8 9. d4 e6 10. Qe2 Nge7 11. h4 h5 12. Bg5 Bh7 13. Bxe7 Bxe7 14. g5 0-0 15. Bxc6 bxc6 16. 0-0-0 Bg6 17. Nxg6 fxg6 18. Qxe6+ Kh7 19. Rhe1 Bd6 20. Re2 Rf4 21. Qh3 Rb8 22. Qd3 Rxh4 23. Re6 Qxg5+ 24. Kb1 Qg4 25. Rxd6 Rh3 26. Qd2 Rxc3 27. b3 Rf3 28. Rxc6 Rxf2 29. Qxf2 Qxd1+ 30. Kb2 Qg4 31. Rc7 h4 32. Rxa7 1/2-1/2

[Event "Krakow Malopolski-chA"]
[Site "Krakow"]
[Date "2013.05.04"]
[Round "8"]
[White "Shilov, Sergej"]
[Black "Zadlo, Maciej"]
[Result "1-0"]
[WhiteElo "2217"]
[BlackElo "1814"]
[PlyCount "51"]
[EventDate "2013.04.28"]
[EventType "swiss"]
[EventRounds "9"]
[EventCountry "POL"]
[SourceTitle "CBM 154 Extra"]
[Source "ChessBase"]
[SourceDate "2013.06.25"]
[SourceVersion "2"]
[SourceVersionDate "2013.06.25"]
[SourceQuality "1"]

1. c4 c5 2. Nc3 Nc6 3. g3 g6 4. Bg2 Bg7 5. e3 e6 6. a3 Nge7 7. Nge2 0-0 8. 0-0 d5 9. cxd5 Nxd5 10. Qc2 b6 11. d4 Ba6 12. dxc5 bxc5 13. Rd1 Bxe2 14. Nxe2 Qa5 15. Bd2 Qb6 16. Nc3 Nxc3 17. Bxc3 Bxc3 18. Qxc3 Rfc8 19. Rd6 Rc7 20. Rad1 Rac8 21. Qf6 h5 22. Be4 a5 23. Rd7 Rxd7 24. Rxd7 Nd8 25. Bxg6 fxg6 26. Qg7# 1-0

[Event "Ogolnopolski-ch 55th"]
[Site "Zamosc"]
[Date "2013.??.??"]
[Round "8.26"]
[White "Bartoszek, Michal"]
[Black "Zadlo, Maciej"]
[Result "1/2-1/2"]
[WhiteElo "1748"]
[BlackElo "1833"]
[PlyCount "35"]
[EventDate "2013.06.07"]
[EventType "swiss"]
[EventRounds "9"]
[EventCountry "POL"]
[SourceTitle "EXT 2014"]
[Source "ChessBase"]
[SourceDate "2013.11.20"]
[SourceVersion "1"]
[SourceVersionDate "2013.11.20"]
[SourceQuality "1"]

1. e4 e5 2. Nf3 Nf6 3. Nxe5 d6 4. Nf3 Nxe4 5. Qe2 Qe7 6. Nc3 Nxc3 7. dxc3 Qxe2+ 8. Bxe2 Be7 9. 0-0 0-0 10. Be3 Bf5 11. Bd3 Bxd3 12. cxd3 Nc6 13. d4 Bf6 14. Bg5 Bxg5 15. Nxg5 h6 16. Nf3 Rfe8 17. Rfe1 Kf8 18. Kf1 1/2-1/2

[Event "POL-ch U16"]
[Site "Szczyrk"]
[Date "2013.??.??"]
[Round "5"]
[White "Molenda, Marcin"]
[Black "Zadlo, Maciej"]
[Result "1/2-1/2"]
[WhiteElo "1813"]
[BlackElo "1821"]
[PlyCount "84"]
[EventDate "2013.03.17"]
[EventType "swiss"]
[EventRounds "9"]
[EventCountry "POL"]
[SourceTitle "CBM 153 Extra"]
[Source "ChessBase"]
[SourceDate "2013.04.22"]
[SourceVersion "1"]
[SourceVersionDate "2013.04.22"]
[SourceQuality "1"]

1. e4 e5 2. Nf3 Nf6 3. Nxe5 d6 4. Nf3 Nxe4 5. Qe2 Qe7 6. Nc3 Nxc3 7. dxc3 Qxe2+ 8. Bxe2 Be7 9. Be3 Nc6 10. 0-0 Bf5 11. Bd3 Bxd3 12. cxd3 0-0 13. Rfe1 Rfe8 14. d4 Bf6 15. Bg5 Bxg5 16. Nxg5 h6 17. Nf3 Kf8 18. Kf1 Re7 19. Re2 Rae8 20. Rae1 f6 21. Nd2 f5 22. f3 Kf7 23. Kf2 Kf6 24. Nc4 Rxe2+ 25. Rxe2 Rxe2+ 26. Kxe2 Ke6 27. Kd3 Ne7 28. Ne3 Nd5 29. Nxd5 Kxd5 30. c4+ Ke6 31. Ke3 g5 32. f4 g4 33. g3 c6 34. Kd3 d5 35. c5 h5 36. Kc3 h4 37. Kd3 hxg3 38. hxg3 Kd7 39. Kc3 Kc7 40. b4 b6 41. a4 b5 42. Kb3 a6 1/2-1/2

[Event "Ogolnopolski-ch 55th"]
[Site "Zamosc"]
[Date "2013.??.??"]
[Round "5.34"]
[White "Orlowski, Miroslaw"]
[Black "Zadlo, Maciej"]
[Result "0-1"]
[WhiteElo "1611"]
[BlackElo "1833"]
[PlyCount "88"]
[EventDate "2013.06.07"]
[EventType "swiss"]
[EventRounds "9"]
[EventCountry "POL"]
[SourceTitle "EXT 2014"]
[Source "ChessBase"]
[SourceDate "2013.11.20"]
[SourceVersion "1"]
[SourceVersionDate "2013.11.20"]
[SourceQuality "1"]

1. d4 d5 2. e3 Nf6 3. Nf3 Bf5 4. c4 e6 5. Bd3 Bxd3 6. Qxd3 c6 7. Nc3 Nbd7 8. c5 b6 9. b4 a5 10. Ne5 axb4 11. Nxc6 Qc7 12. Nxb4 bxc5 13. Na6 Qa5 14. Nxc5 Bxc5 15. dxc5 Nxc5 16. Qb5+ Ke7 17. Qxa5 Rxa5 18. a4 Rha8 19. Ba3 Nfd7 20. Bb4 R5a6 21. Ke2 Kd8 22. a5 Nb7 23. Rhb1 Nxa5 24. Rxa5 Rxa5 25. Bxa5+ Rxa5 26. Nb5 Ra2+ 27. Kf3 Ne5+ 28. Kg3 Ke7 29. Rb3 g5 30. f4 gxf4+ 31. exf4 Nc4 32. Nd4 Nd2 33. Rb7+ Kf8 34. h3 Ne4+ 35. Kh4 Rxg2 36. f5 e5 37. Nc6 Nd6 38. Rb8+ Kg7 39. Nxe5 Nxf5+ 40. Kh5 h6 41. Ng4 Rg3 42. h4 Rh3 43. Nxh6 Nxh6 44. Rb4 Rf3 0-1

[Event "POL-ch U16"]
[Site "Szczyrk"]
[Date "2013.??.??"]
[Round "3"]
[White "Tomaszewski, Kacper"]
[Black "Zadlo, Maciej"]
[Result "1-0"]
[WhiteElo "1961"]
[BlackElo "1821"]
[PlyCount "119"]
[EventDate "2013.03.17"]
[EventType "swiss"]
[EventRounds "9"]
[EventCountry "POL"]
[SourceTitle "CBM 153 Extra"]
[Source "ChessBase"]
[SourceDate "2013.04.22"]
[SourceVersion "1"]
[SourceVersionDate "2013.04.22"]
[SourceQuality "1"]

1. d4 d5 2. c4 c6 3. Nc3 Nf6 4. e3 Bf5 5. cxd5 cxd5 6. Qb3 Qd7 7. Nf3 Nc6 8. Ne5 Qc7 9. Bb5 e6 10. Qa4 Rc8 11. Qxa7 Bd6 12. Nxc6 bxc6 13. Qxc7 Rxc7 14. Be2 Ke7 15. 0-0 Ra8 16. b3 Nd7 17. Bb2 Ba3 18. Bxa3+ Rxa3 19. Rfc1 Rca7 20. Na4 Kd6 21. Kf1 Rb7 22. Ke1 Nb6 23. Nc3 Rba7 24. Kd2 e5 25. Bd3 Bxd3 26. Kxd3 f6 27. Rab1 Ra8 28. Rb2 R3a6 29. a4 Rb8 30. Kc2 Rb7 31. Ra1 Rb8 32. Rbb1 Ra7 33. Kd3 Na8 34. Ra2 Nc7 35. b4 Rba8 36. Rab2 Rb8 37. a5 Nb5 38. Na4 e4+ 39. Ke2 Na3 40. Ra1 Nb5 41. Kd2 Ra6 42. Rb3 Ra7 43. Rc1 Ra6 44. Rc2 Ra7 45. Ra2 Ra6 46. Rb1 Ra7 47. Rb3 Ra6 48. Rc2 Ra7 49. Kc1 Ra6 50. Kb2 Ra7 51. Ka2 Ra6 52. Rb1 Ra7 53. Rbc1 Rc7 54. Nb6 Rbb7 55. Kb3 Rb8 56. Rc5 Rbb7 57. Ka4 Ra7 58. Nxd5 Rc8 59. Nb6 Rcc7 60. d5 1-0

[Event "POL-ch U16"]
[Site "Szczyrk"]
[Date "2013.??.??"]
[Round "2"]
[White "Zadlo, Maciej"]
[Black "Zebracki, Tomasz"]
[Result "1/2-1/2"]
[WhiteElo "1821"]
[BlackElo "1951"]
[PlyCount "120"]
[EventDate "2013.03.17"]
[EventType "swiss"]
[EventRounds "9"]
[EventCountry "POL"]
[SourceTitle "CBM 153 Extra"]
[Source "ChessBase"]
[SourceDate "2013.04.22"]
[SourceVersion "1"]
[SourceVersionDate "2013.04.22"]
[SourceQuality "1"]

1. e4 d5 2. exd5 Qxd5 3. Nc3 Qa5 4. d4 Nf6 5. Bc4 Nc6 6. Nf3 Bg4 7. 0-0 0-0-0 8. Ne2 Qh5 9. Ng3 Bxf3 10. gxf3 Qh3 11. c3 e5 12. Bg5 e4 13. Bxf6 gxf6 14. fxe4 Ne5 15. Qe2 Nxc4 16. Qxc4 h5 17. Qb5 c5 18. dxc5 Rg8 19. c6 bxc6 20. Qxc6+ Kb8 21. Rad1 Be7 22. Rxd8+ Bxd8 23. Rd1 Bb6 24. Qd6+ Bc7 25. Qxf6 h4 26. Qxf7 Qg4 27. f3 Qg5 28. Rd5 Qg6 29. Qxg6 Rxg6 30. e5 hxg3 31. hxg3 Rxg3+ 32. Kf2 Rh3 33. f4 Kb7 34. f5 Kc6 35. c4 Rh4 36. e6 Rxc4 37. e7 Re4 38. f6 Bd6 39. Rf5 Bxe7 40. fxe7 Rxe7 41. Rf3 Rh7 42. Rg3 Rf7+ 43. Rf3 Rh7 44. Ke3 Re7+ 45. Kd3 Rd7+ 46. Kc3 Rd6 47. b4 Rh6 48. a4 Kb7 49. Rf4 Rh5 50. Kc4 Rg5 51. Rd4 Kc7 52. Rd5 Rxd5 53. Kxd5 Kd7 54. Kc5 Kc7 55. Kb5 Kb7 56. Kc4 Kc6 57. b5+ Kb6 58. Kb4 a6 59. a5+ Kb7 60. b6 Kb8 1/2-1/2

[Event "POL-chT U19 1st League"]
[Site "Suchedniow"]
[Date "2012.07.??"]
[Round "9"]
[White "Zadlo, Maciej"]
[Black "Erdmann, Krzysztof"]
[Result "1-0"]
[WhiteElo "1719"]
[BlackElo "1590"]
[PlyCount "57"]
[EventDate "2012.07.21"]
[EventType "team-swiss"]
[EventRounds "9"]
[EventCountry "POL"]
[SourceTitle "EXT 2014"]
[Source "ChessBase"]
[SourceDate "2013.11.20"]
[SourceVersion "1"]
[SourceVersionDate "2013.11.20"]
[SourceQuality "1"]
[WhiteTeam "Tomaszow Lubelski UKS GIM Dwojka U19"]
[BlackTeam "Jaworzno JKSz MCKiS U19"]
[WhiteTeamCountry "POL"]
[BlackTeamCountry "POL"]

1. e4 e5 2. Nf3 Nc6 3. d4 exd4 4. Nxd4 Bc5 5. Be3 Qf6 6. Nb5 Bxe3 7. fxe3 Kd8 8. N1c3 Nge7 9. Qd2 a6 10. Nd4 d6 11. Be2 Ne5 12. 0-0-0 Bd7 13. h3 Kc8 14. Rhf1 Qg6 15. Nf3 Nxf3 16. Bxf3 Bc6 17. Nd5 Nxd5 18. Bg4+ Bd7 19. Bxd7+ Kxd7 20. Qxd5 f6 21. e5 fxe5 22. Rf7+ Kc8 23. Qc4 c6 24. Rdf1 Rd8 25. Qb4 b5 26. Qa5 Rd7 27. Rf8+ Kb7 28. Rxa8 Kxa8 29. Qxa6+ 1-0

[Event "POL-chT U19 1st League"]
[Site "Suchedniow"]
[Date "2012.07.??"]
[Round "3"]
[White "Zadlo, Maciej"]
[Black "Gawor, Jan Pawel"]
[Result "1-0"]
[WhiteElo "1719"]
[BlackElo "1550"]
[PlyCount "95"]
[EventDate "2012.07.21"]
[EventType "team-swiss"]
[EventRounds "9"]
[EventCountry "POL"]
[SourceTitle "EXT 2014"]
[Source "ChessBase"]
[SourceDate "2013.11.20"]
[SourceVersion "1"]
[SourceVersionDate "2013.11.20"]
[SourceQuality "1"]
[WhiteTeam "Tomaszow Lubelski UKS GIM Dwojka U19"]
[BlackTeam "Wieliczka MKS MOS U19"]
[WhiteTeamCountry "POL"]
[BlackTeamCountry "POL"]

1. e4 e5 2. Nf3 Nc6 3. Nc3 Nf6 4. a3 Bc5 5. Nxe5 Bxf2+ 6. Kxf2 Nxe5 7. h3 d5 8. exd5 Nxd5 9. Nxd5 Qxd5 10. d4 Ng6 11. c4 Qf5+ 12. Qf3 Qxf3+ 13. Kxf3 Bf5 14. g4 Bd7 15. Bd2 0-0 16. Kg3 f5 17. gxf5 Bxf5 18. Bg2 c6 19. d5 cxd5 20. Bxd5+ Kh8 21. Bb4 Rfe8 22. Rhe1 Rxe1 23. Rxe1 Rd8 24. Bxb7 Rd3+ 25. Bf3 h5 26. Rd1 h4+ 27. Kf2 Rxd1 28. Bxd1 Bxh3 29. Bd6 Kg8 30. c5 Bd7 31. Bb3+ Kh7 32. Bd5 h3 33. Kg3 Nh8 34. b4 a6 35. c6 Bc8 36. a4 Kg6 37. b5 axb5 38. axb5 Nf7 39. Bxf7+ Kxf7 40. b6 Ke6 41. b7 Bxb7 42. cxb7 Kxd6 43. b8Q+ Ke6 44. Kxh3 Kf5 45. Qf8+ Kg6 46. Kg4 Kh7 47. Kg5 g6 48. Kf6 1-0

[Event "POL-ch qual U13"]
[Site "Lublin"]
[Date "2010.09.25"]
[Round "8.2"]
[White "Czerw, Dawid"]
[Black "Zadlo, Maciej"]
[Result "1-0"]
[WhiteElo "1723"]
[BlackElo "1657"]
[PlyCount "107"]
[EventDate "2010.09.22"]
[EventType "swiss"]
[EventRounds "9"]
[EventCountry "POL"]
[SourceTitle "EXT 2023"]
[Source "ChessBase"]
[SourceDate "2022.10.05"]
[SourceVersion "1"]
[SourceVersionDate "2022.10.05"]
[SourceQuality "1"]

1. d4 d5 2. c4 e6 3. Nc3 Nf6 4. cxd5 Nxd5 5. e4 Nxc3 6. bxc3 c5 7. Nf3 cxd4 8. cxd4 Nd7 9. Bd3 b5 10. 0-0 a6 11. Bf4 Bb7 12. Rc1 Nf6 13. Bc7 Qe7 14. Re1 Rc8 15. Bg3 Rxc1 16. Qxc1 Qd8 17. Qb1 Be7 18. Rc1 h6 19. Rc7 Qa8 20. Bxb5+ axb5 21. Qxb5+ Bc6 22. Rxc6 0-0 23. e5 Nd5 24. a4 Rb8 25. Ra6 Qxa6 26. Qxa6 Rb1+ 27. Qf1 Rxf1+ 28. Kxf1 Bb4 29. Ne1 Nb6 30. Nc2 Bc3 31. f3 Nxa4 32. Be1 Bb2 33. Ba5 Nc3 34. Bxc3 Bxc3 35. Ke2 Kf8 36. Kd3 Ba5 37. Kc4 Bd2 38. Na1 Ke7 39. Nb3 Be1 40. d5 exd5+ 41. Kxd5 h5 42. Nd4 g6 43. Ne2 Bd2 44. h3 Be3 45. Ng3 Bf4 46. Ne4 Be3 47. Nc3 Bc1 48. Ne2 Be3 49. f4 Bd2 50. f5 gxf5 51. Ng3 f4 52. Nxh5 Be3 53. Ke4 f6 54. Nxf6 1-0

[Event "Klementowice Gr-A 1st"]
[Site "Klementowice"]
[Date "2010.08.29"]
[Round "9.3"]
[White "Budrewicz, Krzysztof"]
[Black "Zadlo, Maciej"]
[Result "1-0"]
[WhiteElo "2269"]
[BlackElo "1639"]
[PlyCount "99"]
[EventDate "2010.08.23"]
[EventType "swiss"]
[EventRounds "9"]
[EventCountry "POL"]
[SourceTitle "EXT 2023"]
[Source "ChessBase"]
[SourceDate "2022.10.05"]
[SourceVersion "1"]
[SourceVersionDate "2022.10.05"]
[SourceQuality "1"]

1. d4 d5 2. c4 e6 3. Nc3 c5 4. cxd5 exd5 5. Nf3 Nc6 6. g3 Nf6 7. Bg2 Be6 8. 0-0 Be7 9. Bg5 0-0 10. dxc5 Bxc5 11. Rc1 Be7 12. Nd4 Qb6 13. Nxc6 bxc6 14. Na4 Qa6 15. a3 Rac8 16. Be3 Nd7 17. Nc5 Qb5 18. Nxe6 fxe6 19. Bh3 Kf7 20. Bxa7 c5 21. e4 dxe4 22. Qh5+ Kg8 23. Bxe6+ Kh8 24. b4 g6 25. Qh3 Rc7 26. Bxd7 Rxd7 27. Bxc5 Bxc5 28. Rxc5 Qd3 29. Rc3 Qxc3 30. Qxd7 e3 31. Qe7 exf2+ 32. Rxf2 Qc1+ 33. Kg2 Qc6+ 34. Kf1 Qh1+ 35. Ke2 Rxf2+ 36. Kxf2 Qxh2+ 37. Kf3 Qh1+ 38. Ke2 Qg2+ 39. Kd1 Qd5+ 40. Ke2 Qg2+ 41. Kd3 Qxg3+ 42. Qe3 Qb8 43. a4 h5 44. Qh6+ Kg8 45. Qxg6+ Kf8 46. Qf6+ Kg8 47. Qg5+ Kf8 48. b5 Qa7 49. Qf4+ Ke7 50. Qe3+ 1-0

[Event "Klementowice Gr-A 1st"]
[Site "Klementowice"]
[Date "2010.08.27"]
[Round "6.4"]
[White "Gora, Jan"]
[Black "Zadlo, Maciej"]
[Result "1-0"]
[WhiteElo "1848"]
[BlackElo "1639"]
[PlyCount "141"]
[EventDate "2010.08.23"]
[EventType "swiss"]
[EventRounds "9"]
[EventCountry "POL"]
[SourceTitle "EXT 2023"]
[Source "ChessBase"]
[SourceDate "2022.10.05"]
[SourceVersion "1"]
[SourceVersionDate "2022.10.05"]
[SourceQuality "1"]

1. e4 c6 2. d4 d5 3. exd5 cxd5 4. c4 e6 5. Nf3 Nf6 6. c5 Nc6 7. Nc3 Ne4 8. Bd3 e5 9. Bxe4 dxe4 10. Nxe5 Nxe5 11. dxe5 Qxd1+ 12. Kxd1 Bxc5 13. Nxe4 Bd4 14. Nd6+ Ke7 15. f4 Bg4+ 16. Kd2 Rhd8 17. h3 Be6 18. Ke2 Rxd6 19. exd6+ Kxd6 20. Be3 Bf6 21. Rad1+ Ke7 22. b3 a5 23. Rc1 Bd5 24. Rc7+ Kd6 25. Rc5 Re8 26. Rxd5+ Kxd5 27. Rd1+ Kc6 28. Rc1+ Kd7 29. Kd3 Re6 30. g4 Rc6 31. Rxc6 Kxc6 32. Bd2 Bd8 33. Ke4 Kd6 34. a4 b6 35. Be3 g6 36. f5 g5 37. f6 h6 38. Kf5 Kd5 39. Bg1 Bc7 40. Bf2 Bd6 41. Bxb6 Bb4 42. Bd8 Kd4 43. Be7 Kc3 44. Bxb4+ Kxb4 45. Ke5 Kxb3 46. Kd6 Kxa4 47. Ke7 Kb3 48. Kxf7 a4 49. Kg6 a3 50. f7 a2 51. f8Q a1Q 52. Qxh6 Kc4 53. Qxg5 Qb1+ 54. Qf5 Qb6+ 55. Kh5 Qe3 56. g5 Qe8+ 57. g6 Qh8+ 58. Kg4 Kc3 59. h4 Qd4+ 60. Kh5 Qd1+ 61. Kh6 Qd2+ 62. Qg5 Qd6 63. Kh7 Qd3 64. Kh8 Qd4+ 65. g7 Kc4 66. h5 Kb4 67. Kh7 Qd7 68. Qe5 Qf7 69. Kh8 Qg6 70. Qf4+ Ka3 71. h6 1-0